| 000 | 00993nam a2200253 i 4500 | ||
|---|---|---|---|
| 001 | 189390 | ||
| 003 | SpMaBN | ||
| 005 | 20250823063132.0 | ||
| 007 | t| | ||
| 008 | 190529s1990 sp a |||| |dspa d | ||
| 020 | _a84-86795-99-0 | ||
| 100 | 1 |
_aSánchez, José Luis, _d1926-2018 _9102384 |
|
| 245 | 1 | 0 |
_aJosé Luis Sánchez _b: esculturas, relieves, medallas : [exposición] 5 octubre/4 noviembre / _c[promueve, Museo Barjola ; textos, Joaquín Rubio Camín]. |
| 260 |
_a[Oviedo] : _bServicio de Publicaciones del Principado de Asturias, _c[1990] |
||
| 300 |
_a69 p. : _bil., fot. ; _c23 x 22 cm. |
||
| 600 | 1 | 4 |
_aSánchez, José Luis, _d1926-2018- _vExposiciones _9102385 |
| 655 | 7 |
_2tgfbne _9193628 _aCatálogos de exposiciones |
|
| 700 | 1 |
_aRubio Camín, Joaquín. _9100391 |
|
| 710 | 2 |
_aMuseo Juan Barjola _95886 |
|
| 710 | 1 |
_aAsturias (Comunidad Autónoma). _bServicio de Publicaciones. _91837 |
|
| 852 |
_aES-MaACL _jL-32396 |
||
| 942 | _2udc | ||
| 999 |
_c189390 _d189390 |
||